نقد و نظر / (Record no. 193030)

MARC details
000 -LEADER
fixed length control field 00669nam a22001937a 4500
005 - DATE AND TIME OF LATEST TRANSACTION
control field 20221014110457.0
010 ## - LCCN (DPL NO)
LC control number UR-11755
020 ## - INTERNATIONAL STANDARD BOOK NUMBER
International Standard Book Number 9789392496059
Terms of availability 111.00
035 ## - SYSTEM CONTROL NUMBER
System control number U-10310
037 ## - SOURCE OF ACQUISITION
Source of stock number/acquisition DBAD/PUB
Stock number -
082 ## - DEWEY DECIMAL CLASSIFICATION NUMBER
Classification number 844
100 ## - MAIN ENTRY--PERSONAL NAME
Personal name سید علیم اللّہ حسینی
245 ## - TITLE STATEMENT
Title نقد و نظر /
Statement of responsibility, etc سید علیم اللّہ حسینی
Medium ا ر د و
246 ## - VARYING FORM OF TITLE
Title proper/short title Naqd-O-Nazar (Literary Essays) /
Remainder of title by Syed Aleemullah Hussaini
260 ## - PUBLICATION, DISTRIBUTION, ETC. (IMPRINT)
Place of publication, distribution, etc New Delhi
Name of publisher, distributor, etc Educational Publishing House
Date of publication, distribution, etc 2022 ء
270 ## - ADDRESS
Address H.O. D1/16, Ansari Road, Darya ganj
City New Delhi
Postal code 110002
300 ## - PHYSICAL DESCRIPTION
Extent 168 ص
Dimensions 23cm(Hb)
942 ## - ADDED ENTRY ELEMENTS (KOHA)
Source of classification or shelving scheme Dewey Decimal Classification
Item type Urdu Bks
Classification part 844
Call number suffix س ی د
Holdings
Withdrawn status Lost status Not for loan Collection code Home library Current library Date acquired Source of acquisition Cost, normal purchase price Full call number Barcode Copy number Cost, replacement price Koha item type
      Non-fiction Central Library Central Library 14/10/2022 DBAD/PUB 111.00 844 س ی د U-10310 1 111.00 Urdu Bks

© Delhi Public Library
Hit Counter
free hit counter